000 00538cam a2200193 i 4500
005 20260216100844.0
008 250721s2004 jo gr 000 0 eng d
020 _a995740153X
082 1 4 _a425
_bK H U
100 1 _aALKHULI, MUHAMMAD ALI
_eAuthor.
245 1 0 _aEnglish grammar :
_bMorpholgy /
_cMuhammad Ali Alkhuli.
264 1 3 _aamman :
_bdar alfalah,
_c2004.
300 _a215 pages.
650 1 7 _aENGLISH LANGUAGE.
650 1 7 _aGRAMMAR.
650 1 7 _aMORPHOLOGY.
942 _2ddc
_cBK
999 _c92034
_d92034